Orientaciones políticas : (Record no. 180785)
[ view plain ]
| 000 -LEADER | |
|---|---|
| campo de control de longitud fija | 01101nab a2200241 i 4500 |
| 001 - NÚMERO DE CONTROL | |
| campo de control | 180785 |
| 003 - IDENTIFICADOR DE NÚMERO DE CONTROL | |
| campo de control | ES-MaACL |
| 005 - FECHA Y HORA DE LA ÚLTIMA TRANSACCIÓN | |
| campo de control | 20250902212236.0 |
| 008 - DATOS DE LONGITUD FIJA--INFORMACIÓN GENERAL | |
| campo de control de longitud fija | 120712s1913 sp 000 s spa d |
| 100 1# - ENTRADA PRINCIPAL--NOMBRE DE PERSONA | |
| Nombre de persona | Rivera Pastor, Francisco, |
| Fechas asociadas al nombre | 1878-1936 |
| Término indicativo de función/relación | Autor |
| 9 (RLIN) | 97663 |
| 245 10 - MENCIÓN DEL TÍTULO | |
| Título | Orientaciones políticas : |
| Resto del título | memoria que actualmente es objeto de discusión en la Sección de Ciencias Morales y Políticas / |
| Mención de responsabilidad, etc. | por Francisco Rivera Pastor |
| 300 ## - DESCRIPCIÓN FÍSICA | |
| Extensión | Páginas 14-24 |
| 594 ## - Nota al título y mención de responsabilidad | |
| Nota al título y mención de responsabilidad | Precede al título: Ateneo de Madrid. Sección de Ciencias Morales y Políticas |
| 599 ## - NOTA A LAS ILUSTRACIONES | |
| NOTA A LAS ILUSTRACIONES | Retrato del autor en portada |
| 610 24 - PUNTO DE ACCESO ADICIONAL DE MATERIA--NOMBRE DE ENTIDAD CORPORATIVA | |
| Nombre de entidad corporativa o nombre de jurisdicción como elemento de entrada | Ateneo de Madrid. |
| Unidad subordinada | Sección de Ciencias Morales y Políticas- |
| Subdivisión de forma | Memorias |
| 9 (RLIN) | 1986 |
| 650 #7 - PUNTO DE ACCESO ADICIONAL DE MATERIA--TÉRMINO DE MATERIA | |
| Término de materia o nombre geográfico como elemento de entrada | Estado |
| Fuente del encabezamiento o término | embne |
| 9 (RLIN) | 12523 |
| 651 #0 - PUNTO DE ACCESO ADICIONAL DE MATERIA--NOMBRE GEOGRÁFICO | |
| Nombre geográfico | España- |
| Subdivisión general | Política y gobierno- |
| Subdivisión cronológica | 1902-1931 |
| 9 (RLIN) | 226938 |
| 655 #4 - TERMINO DE INDIZACIÓN--GENERO/FORMA | |
| Datos o término principal de género/forma | Conferencias |
| 9 (RLIN) | 234444 |
| 710 2# - ENTRADA AGREGADA--NOMBRE DE ENTIDAD CORPORATIVA | |
| Nombre de entidad corporativa o nombre de jurisdicción como elemento de entrada | Ateneo de Madrid. |
| Unidad subordinada | Sección de Ciencias Morales y Políticas |
| Término indicativo de función/relación | entidad responsable |
| 9 (RLIN) | 1985 |
| 773 0# - ASIENTO DE ITEM FUENTE | |
| Título | La Palabra : revista taquigráfica, |
| Número Internacional Normalizado para Publicaciones Seriadas | ISSN 2479-7723, |
| Parte(s) relacionada(s) | N. 8 (15 abril 1913), p. 14-24 |
| Número bibliográfico anfitrión | 2879 |
| Número de control del registro | 2879 |
| Número de ítem anfitrión | 2987 |
| 942 ## - ELEMENTOS DE ENTRADA SECUNDARIOS (KOHA) | |
| Tipo de ítem Koha | Artículo de revista |
| Fuente del sistema de clasificación o colocación | Clasificación decimal universal |
| Suprimir en OPAC | No |
No items available.
